000 00241nam a2200121 i 4500
001 bg
245 0 _aMatematyka.
260 _aLublin,
_c1978.
040 _cBPK
041 _apol
942 _cKS
008 s pl f |000 0 pol
999 _c18521
_d18521
856 _uhttp://koha.tu.koszalin.pl/cgi-bin/koha/opac-detail.pl?biblionumber=18521
_yKatalog online BPK